Statistics for Buddhist Countries

Click here to take the quiz!

General Stats

  • This quiz has been taken 64,236 times
    (35,428 since last reset)
  • The average score is 12 of 14

Answer Stats

% Buddhist Answer % Correct
18.2China
98%
36.2Japan
94%
93.2Thailand
93%
16.4Vietnam
92%
66.0Laos
91%
96.9Cambodia
90%
80.1Myanmar
88%
22.9South Korea
85%
17.7Malaysia
85%
74.7Bhutan
84%
33.9Singapore
79%
55.1Mongolia
78%
21.3Taiwan
78%
69.3Sri Lanka
74%

Score Distribution

Percentile by Number Answered

Percent of People with Each Score

Your Score History

You have not taken this quiz since the last reset